000 04355nam a22002297a 4500
003 GR-AtMCL
005 20250829115032.0
006 a|||||r|||||||||||
008 250829p2024 |||f|||| |||| 00| 0 eng d
020 _a9786182021552
040 _bgre
_aGR-AtMCL
_dGR-AtMCL
_eAACR2
100 _aΝικολαΐδης, Μιχαήλ
_4070
_910041
245 0 0 _aΕγχειρίδιο εκπόνησης οικονομοτεχνικών μελετών :
_bΈμφαση στην χρηματοδότηση και αξιολόγηση παραγωγικών επενδυτικών σχεδίων /
_cΜιχαήλ Νικολαΐδης, Χρήστος Γκρος
250 _a5η έκδ.
260 _aΘεσσαλονίκη :
_bΔίσιγμα,
_c2024
300 _a564 σ. ;
_c29 εκ.
520 _aΗ έκδοση του παρόντος έργου έχει σκοπό την παρουσίαση εξειδικευμένων εμπειριών-τεχνικών, με κατανοητό και απλό τρόπο, καθώς και όλων των επιμέρους χαρακτηριστικών-μεθόδων που διέπουν την κατάρτιση και αξιολόγηση των επενδύσεων. Επιπρόσθετα, δίνονται παραδείγματα εκπόνησης οικονομοτεχνικών μελετών με ικανοποιητικό βάθος ανάλυσης, καθώς και τρόποι υπολογισμού, ανάλυσης και προϋπολογισμού των βασικών οικονομικών μεγεθών που συνδέονται με το αντικείμενο των μελετών αυτών. Το έργο αυτό συντάχθηκε για όσους εκπονούν οικονομοτεχνικές μελέτες, καθώς και για τους φοιτητές των πανεπιστημίων. Έχει βασικό σκοπό να προσεγγίσει θεωρητικά αλλά και πρακτικά την τεχνική εκπόνηση, χρηματοδότηση και αξιολόγηση των προγραμμάτων ΕΣΠΑ, καθώς και των επενδυτικών σχεδίων, όπως προβλέπεται από τον νέο αναπτυξιακό νόμο 4887/22. Πόσο απαραίτητη είναι η υλοποίηση επενδύσεων πιστεύουμε ότι δεν χρειάζεται ιδιαίτερη μνεία, αφού η πολιτεία και η ΕΕ ανακοινώνουν συνεχώς μέτρα ενίσχυσής τους, προκειμένου να δημιουργηθούν θέσεις εργασίας, να βελτιωθεί η παραγωγικότητα και η ανταγωνιστικότητα, καθώς και το επίπεδο ανάπτυξης της οικονομίας. Ιδιαίτερα σημαντικό είναι η χώρα μας να κάνει χρήση των διεθνώς αναγνωρισμένων επιστημονικών μεθοδολογιών και τεχνικών σχετικά με τις επενδύσεις, μιας και η πλειονότητα των επιχειρηματιών παίρνουν επενδυτικές αποφάσεις με γνώμονα το ένστικτο και την εμπειρία. Την παραπάνω άποψη ενισχύει το γεγονός ότι οι επικρατούσες οικονομικές και λοιπές συνθήκες δεν είναι ευνοϊκές ή κατάλληλες για υλοποίηση βιώσιμων επενδύσεων. Γι' αυτούς τους λόγους, ο κίνδυνος δημιουργίας νέων προβληματικών επιχειρήσεων είναι άμεσα ορατός, εκτός εάν οι εμπλεκόμενοι φορείς προωθήσουν επενδύσεις, των οποίων οι προσδοκίες έχουν μελετηθεί-εκτιμηθεί με επαρκή επιστημονική μεθοδολογία, και εάν η πολιτεία διασφαλίσει ένα σταθερό και ελκυστικό κλίμα.
650 0 _aΔιοίκηση Επιχειρήσεων
_99939
700 _aΓκρος, Χρήστος
_910042
942 _cBK
999 _c9904
_d9904